| 000 | 01053cam a22002771 4500 | ||
|---|---|---|---|
| 001 | e 44000011 | ||
| 003 | DLC | ||
| 005 | 20260227111232.0 | ||
| 008 | 810709s1943 miuk s000 0 eng c | ||
| 010 | _ae 44000011 | ||
| 035 | _a(OCoLC)7567203 | ||
| 040 |
_aU.S. Off. of educ. Library _cMiMarqN _dMiMarqN _dDLC |
||
| 042 | _apremarc | ||
| 043 | _an-us-mi | ||
| 050 | 0 | 0 |
_aL162 _b.B3 no. 327 |
| 082 |
_a372 _a370.61774 |
||
| 110 | 1 |
_aMichigan. _bDepartment of Public Instruction. |
|
| 245 | 1 | 0 |
_aTeaching boys and girls in Michigan; _ba handbook for the teacher in the elementary school ... _cPublished by Eugene B. Elliott, Superintendent of Public Instruction. |
| 260 |
_aLansing, Mich., _c1943. |
||
| 300 |
_a158 p. _bincl. forms. _c23 cm. |
||
| 490 | 1 |
_aIts Bulletin _vno. 327 |
|
| 500 | _aBased on Bulletin no. 301, Instructional guide for elementary schools, issued in 1936. cf. Foreword. | ||
| 650 | 0 | _aTeaching. | |
| 650 | 0 |
_aEducation _zMichigan _xCurricula. |
|
| 830 | 0 |
_aBulletin (Michigan Department of Public Instruction) ; _vno. 327. |
|
| 999 |
_c21953 _d21953 |
||